• 首页
  • 本馆介绍
  • 公告通知
  • 最新文献
  • 馆藏检索
  • 电子资源
  • 读者导购
  • 参考咨询
  • 我的图书馆
  • 登录
  • 详细信息显示
  • 放入我的书架
  • 预约/预借图书
  • 作者相关作品
  • 分类相关作品
  • 丛书相关作品
  • 出版社相关作品

书目信息

  • 表格格式
  • 工作单格式
  • 卡片格式
题名:
涂料与涂装原理
    
 
作者: 郑顺兴 编
分册:  
出版信息: 北京   化学工业出版社  2013.09
页数: 350页
开本: 26cm
丛书名:
单 册:
中图分类: TQ63
科图分类:
主题词: 涂料--高等学校--教材 , 涂漆--高等学校--教材 , 涂料 , 涂漆
电子资源:
ISBN: 978-7-122-16940-2
000 00975nam0 2200289 450
001 012013159455
005 20140610090147.71
010    @a978-7-122-16940-2@dCNY49.00
100    @a20130914d2013 em y0chiy0110 ea
101 0  @achi
102    @aCN@b110000
105    @aak z 000yy
106    @ar
200 1  @a涂料与涂装原理@9tu liao yu tu zhuang yuan li@f郑顺兴编
210    @a北京@c化学工业出版社@d2013.09
215    @a350页@c图@d26cm
300    @a高等学校教材
330    @a本书从原理上分析介绍涂料和涂装的基础知识和工艺流程,直接结合国际期刊的综述文章介绍涂料和涂装科学研究前沿与现状,努力做到既讲透科学原理,又密切结合实际需要。
333    @a本书适用于材料专业本科及研究生学习,同时也可作为涂料工业科技人员的参考书
606 0  @a涂料@x高等学校@j教材
606 0  @a涂漆@x高等学校@j教材
606 0  @a涂料
606 0  @a涂漆
690    @aTQ63@v5
701  0 @a郑顺兴@9zheng shun xing@4编
801  0 @aCN@b人天书店@c20130914
905    @b846926-28@dTQ63@e44@f3
    
    涂料与涂装原理/郑顺兴编.-北京:化学工业出版社,2013.09
    350页:图;26cm
    高等学校教材.-使用对象:本书适用于材料专业本科及研究生学习,同时也可作为涂料工业科技人员的参考书
    
    ISBN 978-7-122-16940-2:CNY49.00
    本书从原理上分析介绍涂料和涂装的基础知识和工艺流程,直接结合国际期刊的综述文章介绍涂料和涂装科学研究前沿与现状,努力做到既讲透科学原理,又密切结合实际需要。
●
相关链接 在E读中查询图书 在五车中查询图书 在当当中查询图书 在豆瓣中查询图书


正题名:涂料与涂装原理     索取号:TQ63/44         预约/预借

序号 登录号 条形码 馆藏地/架位号 状态 备注
1 846926   208469263   第二样本阅览室/ [索取号:TQ63/44] 在馆    
2 846927   208469272   密集书库-化学系/ [索取号:TQ63/44] 在馆    
3 846928   208469281   第三借阅区/ [索取号:TQ63/44] 在馆    
唐山师范学院图书馆 欢迎您!
大连网信软件有限公司© 版权所有